| 000 | 01099nkm a2200325 c 4500 | ||
|---|---|---|---|
| 999 |
_c210082 _d210082 |
||
| 003 | BLK | ||
| 005 | 20201007040432.0 | ||
| 008 | 180412b bul rap|r|||| r0| ||bulo| | ||
| 010 | _aKNG00161728000 | ||
| 020 | _a2-7072-0026-3 | ||
| 040 | _aBLK | ||
| 041 |
_aFRE _cFRE |
||
| 080 |
_aХудожествена обработка на метали _b739 _z739 |
||
| 100 | 1 |
_aSarteur, Yves _eпърви автор _923292 |
|
| 139 |
_aSarteur, Yves _bС 20 _fS 22 _gС 20 И |
||
| 245 | 1 | 0 |
_aFer forge d'hier et d'aujourd'hui _cYves Sarteur. |
| 257 | _aFRA | ||
| 260 |
_bCh. Massin _c1979 |
||
| 300 |
_a64 p. _bill. _c32 cm |
||
| 380 | _a7 | ||
| 650 | 4 |
_aХудожествена обработка на метали _9304872 |
|
| 653 | _aобработка на метали | ||
| 653 | _aковано желязо | ||
| 653 | _aврати | ||
| 700 |
_aСартьо, Ив _eпърви автор _91299 |
||
| 852 | _aЦб Гр А ІІ 3363 | ||
| 856 | 4 |
_qpdf _u |
|
| 856 | 4 |
_qpdf _u |
|
| 942 |
_cGRA _n0 _s1 |
||
| 944 |
_aCR _c05.06.2014 _l05.06.2014 - от С1,Р / 05.06.2014 _kКамелия_Данева |
||
| 944 |
_aED _c05.06.2014 _l05.06.2014 - от С1,Р / 05.06.2014 |
||
| 999 | _d210082 | ||